|
|
|
|
| LEADER |
00000cac a2200000 a 4500 |
| 003 |
Ucuenca |
| 005 |
20230308221010.0 |
| 006 |
a||||fr|||| 0|1 | |
| 007 |
ta |
| 008 |
014121s2013 sp aaaafr|||||||1|| spa a |
| 020 |
|
|
|a 978-84-493-2429-1
|
| 040 |
|
|
|b spa
|a UCuenca-cdrjbv
|c UCuenca
|e rda
|
| 041 |
0 |
|
|a spa
|
| 082 |
0 |
|
|2 22
|a 791.430.92
|c 112879
|
| 100 |
1 |
|
|9 208122
|a Tirard, Laurent.
|e autor
|
| 245 |
1 |
|
|a Lecciones de cine: clases magistrales de grandes directores /
|c Laurent Tirard, traducción de Gemma Andújar.
|
| 250 |
|
|
|a Tercera reimpresión.
|
| 264 |
|
1 |
|a Barcelona:
|b Paidós Ibérica,
|c 2013.
|
| 300 |
|
|
|a 221 páginas:
|b ilu
|c 24 cm
|
| 336 |
|
|
|2 rdacontent
|a texto
|b txt
|
| 337 |
|
|
|2 rdamedia
|a no mediado
|b n
|
| 338 |
|
|
|2 rdacarrier
|a volumen
|b nc
|
| 490 |
|
|
|a Paidós comunicación cine
|n no. 184
|
| 504 |
|
|
|a incl. ref.
|
| 505 |
|
|
|a Las clases -- Pioneros -- Revisionistas -- Tejedores de sueños -- Pesos pesados -- Savia Nueva -- A su aire.
|
| 520 |
3 |
|
|a Lecciones de cine es aprender a sentir el cine desde diferentes miradas, asistir a clases magistrales de los grandes maestros, es un lujo que nos propone Tirard en esta extraordinaria compilación de entrevistas a directores que aman el Séptimo Arte.
|
| 650 |
1 |
7 |
|a Cine
|9 646
|2 UCuenca-cdrjbv
|
| 650 |
1 |
7 |
|a Directores de cine
|9 6146
|2 UCuenca-cdrjbv
|
| 651 |
|
|
|2 UCuenca-cdrjbv
|
| 700 |
1 |
|
|9 270696
|a Andújar Moreno, Gemma.
|e traductor
|
| 852 |
|
|
|a UC-CDJBV
|f Compra
|l 1
|m General
|p 20141219
|q 47.76
|r 2
|t 112879
|v filo
|y 3372600
|b 0
|d CDRC
|e CDRC
|g 791.430.92 TERCER PISO
|z 2014-41-21
|
| 856 |
|
|
|a http://sibuc.ucuenca.edu.ec/portada/112879.jpg
|
| 942 |
|
|
|c CR
|0 1
|2 ddc
|z maria.lopezr@ucuenca.edu.ec
|
| 999 |
|
|
|c 135522
|d 135522
|